[Event "PLZEN 2022 – CALLIDITAS OPEN"]
[Site "Plzen (Ceska republika)"]
[Date "2022.08.27"]
[Round "9.4"]
[White "Hlavac, Rudolf"]
[Black "Yagiz, Bora"]
[Result "1-0"]
[WhiteElo "1912"]
[BlackElo "2154"]
[PlyCount "77"]
[EventDate "2022.08.20"]

1. e4 c5 2. Nf3 Nc6 3. c3 Nf6 4. e5 Nd5 5. Bc4 e6 6. O-O d6 7. d4 dxe5 8. dxe5
Be7 9. Qe2 a6 10. Rd1 b5 11. Bd3 c4 12. Be4 Bb7 13. Bf4 Nxf4 14. Rxd8+ Rxd8 15.
Bxc6+ Bxc6 16. Qf1 Bc5 17. Nbd2 Nd3 18. h3 Nxf2 19. Kh2 O-O 20. Nd4 Rxd4 21.
cxd4 Bxd4 22. Nxc4 bxc4 23. Qxc4 Bxe5+ 24. Kg1 Bb5 25. Qc2 Bd4 26. Kh2 Rd8 27.
Re1 Bb6 28. a4 Bd3 29. Qc6 Bd4 30. b4 h6 31. b5 axb5 32. axb5 e5 33. b6 Bf5 34.
b7 Ba7 35. Qc7 Rf8 36. Ra1 Bb8 37. Qc5 e4+ 38. Kg1 Nxh3+ 39. gxh3 1-0

[Event "PLZEN 2022 – CALLIDITAS OPEN"]
[Site "Plzen (Ceska republika)"]
[Date "2022.08.27"]
[Round "9.6"]
[White "Macho, Miloslav"]
[Black "Kriz, Daniel"]
[Result "1-0"]
[WhiteElo "1635"]
[BlackElo "1999"]
[PlyCount "63"]
[EventDate "2022.08.20"]

1. e4 e5 2. Nf3 Nc6 3. Bb5 a6 4. Ba4 Nf6 5. d3 b5 6. Bb3 Be7 7. c3 O-O 8. O-O
d6 9. h3 Na5 10. Bc2 c5 11. Re1 Nc6 12. Nbd2 d5 13. exd5 Qxd5 14. Qe2 Bb7 15.
Bb3 Qd7 16. Ne4 Nxe4 17. dxe4 c4 18. Bc2 Bc5 19. Be3 Qe7 20. Rad1 Rfd8 21.
Rxd8+ Rxd8 22. Bxc5 Qxc5 23. Rd1 Rxd1+ 24. Qxd1 Qe7 25. Qd2 h6 26. Qe3 Nd8 27.
Qb6 g6 28. Nxe5 Ne6 29. Ng4 h5 30. Ne3 Nf4 31. Qa7 Qd7 32. Qb8+ 1-0

[Event "PLZEN 2022 – CALLIDITAS OPEN"]
[Site "Plzen (Ceska republika)"]
[Date "2022.08.27"]
[Round "9.7"]
[White "Vlk, Miloslav"]
[Black "Langmajer, Jan"]
[Result "0-1"]
[WhiteElo "1971"]
[BlackElo "1871"]
[PlyCount "108"]
[EventDate "2022.08.20"]

1. c4 f5 2. Nc3 Nf6 3. d4 g6 4. g3 Bg7 5. Bg2 O-O 6. Nf3 d6 7. O-O Nc6 8. b3 e5
9. Bb2 e4 10. Ne1 Ng4 11. h3 Nh6 12. Nc2 g5 13. Qd2 g4 14. h4 Ne7 15. e3 Ng6
16. Ne2 Nxh4 17. gxh4 Qxh4 18. Nf4 Nf7 19. Rfd1 Ng5 20. Ne1 Nf3+ 21. Nxf3 exf3
22. d5 Bxb2 23. Qxb2 Rf6 24. Kf1 Rh6 25. Bxf3 gxf3 26. Ke1 Bd7 27. Rd4 Qg5 28.
Kd2 Rh2 29. Kd3 Re8 30. b4 b6 31. Kc3 Kf7 32. Kb3 h5 33. Rf1 Rh4 34. a3 Rg8 35.
Ka2 Rh2 36. Qc2 Re8 37. Rd2 h4 38. c5 bxc5 39. bxc5 Qe7 40. c6 Bc8 41. Rg1 Qe4
42. Qc3 Rg8 43. Rxg8 Kxg8 44. Rb2 Kf7 45. Rd2 Rh1 46. Kb3 Rb1+ 47. Rb2 Ba6 48.
Ne6 Qxd5+ 49. Ka4 Bb5+ 50. Ka5 Bxc6+ 51. Ka6 Rxb2 52. Nd8+ Ke7 53. Nxc6+ Qxc6+
54. Qxc6 Rb6+ 0-1

[Event "PLZEN 2022 – CALLIDITAS OPEN"]
[Site "Plzen (Ceska republika)"]
[Date "2022.08.27"]
[Round "9.8"]
[White "Mohylnyi, Stepan"]
[Black "Turner, Radek"]
[Result "1-0"]
[WhiteElo "1709"]
[BlackElo "2028"]
[PlyCount "87"]
[EventDate "2022.08.20"]

1. e4 e6 2. d4 d5 3. Nc3 Bb4 4. e5 c5 5. a3 Bxc3+ 6. bxc3 Qa5 7. Bd2 Qa4 8. Qg4
g6 9. Ra2 h6 10. Nf3 c4 11. Be2 Nc6 12. O-O Bd7 13. Qh4 Nge7 14. Bg5 Nf5 15.
Qh3 Rg8 16. Bf6 h5 17. Ng5 Nce7 18. Rb1 b6 19. Qf3 O-O-O 20. Rb4 Qc6 21. a4 a5
22. Rb1 Kc7 23. Rab2 Rb8 24. Rb5 Qa8 25. Bxe7 Nxe7 26. Qxf7 Bxb5 27. Rxb5 Kd7
28. Qxe6+ Kd8 29. Qd6+ Ke8 30. Nh7 Rd8 31. Nf6+ Kf7 32. e6+ Kf8 33. Nd7+ Ke8
34. Qf4 Rxd7 35. Qf7+ Kd8 36. exd7 Kxd7 37. Bf3 Rf8 38. Rxd5+ Qxd5 39. Bxd5
Rxf7 40. Bxf7 Kd6 41. Bxc4 Nd5 42. Bxd5 Kxd5 43. Kf1 Kc4 44. Ke2 1-0

[Event "PLZEN 2022 – CALLIDITAS OPEN"]
[Site "Plzen (Ceska republika)"]
[Date "2022.08.27"]
[Round "9.9"]
[White "Flajsman, Petr"]
[Black "Hosnedl, Jiri"]
[Result "1-0"]
[WhiteElo "1907"]
[BlackElo "1860"]
[PlyCount "39"]
[EventDate "2022.08.20"]

1. e4 e5 2. f4 Nc6 3. Nf3 f5 4. d3 d6 5. Nc3 Nf6 6. Be2 Be7 7. O-O O-O 8. h3 h6
9. Be3 exf4 10. Bxf4 g5 11. Bh2 f4 12. d4 d5 13. exd5 Nxd5 14. Bc4 Be6 15. Qe2
Bf7 16. Qe4 Ncb4 17. Ne5 c6 18. a3 Na6 19. Nxf7 Kxf7 20. Nxd5 1-0

[Event "PLZEN 2022 – CALLIDITAS OPEN"]
[Site "Plzen (Ceska republika)"]
[Date "2022.08.27"]
[Round "9.10"]
[White "Ondrejat, Miroslav"]
[Black "Berka, Lubos"]
[Result "1-0"]
[WhiteElo "1900"]
[BlackElo "1678"]
[PlyCount "83"]
[EventDate "2022.08.20"]

1. f4 d5 2. Nf3 c5 3. e3 Nc6 4. b3 Nf6 5. Bb2 Bg4 6. Bb5 Qb6 7. a4 a6 8. Bxc6+
Qxc6 9. h3 Bf5 10. g4 Nxg4 11. hxg4 Bxg4 12. d3 c4 13. Ne5 Bxd1 14. Nxc6 Bxc2
15. Nd4 Bxd3 16. Nc3 e6 17. Ba3 Rc8 18. Bxf8 Rxf8 19. b4 Ke7 20. Kd2 f6 21.
Rhg1 Bg6 22. f5 exf5 23. Nxd5+ Kd6 24. Nf4 Ke5 25. Kc3 Rh8 26. Raf1 Ke4 27.
Nxg6 hxg6 28. Rxg6 Kxe3 29. Rxg7 Rce8 30. Nxf5+ Ke2 31. Ng3+ Ke3 32. Rxb7 Rhg8
33. Re1+ Kf3 34. Rxe8 Rxe8 35. Nf5 Re5 36. Nd4+ Ke4 37. Kxc4 f5 38. Rb6 a5 39.
b5 f4 40. Rf6 Re8 41. Re6+ Rxe6 42. Nxe6 1-0

[Event "PLZEN 2022 – CALLIDITAS OPEN"]
[Site "Plzen (Ceska republika)"]
[Date "2022.08.27"]
[Round "9.11"]
[White "Svejda, Karel"]
[Black "Pelikan, David"]
[Result "1-0"]
[WhiteElo "1603"]
[BlackElo "1997"]
[PlyCount "37"]
[EventDate "2022.08.20"]

1. d4 d5 2. Bf4 Nf6 3. e3 e6 4. Nd2 c5 5. c3 Nc6 6. Ngf3 Bd7 7. Bd3 Be7 8. Ne5
O-O 9. Qf3 c4 10. Bc2 h6 11. g4 Nh7 12. O-O-O b5 13. Rdg1 Nxe5 14. dxe5 g5 15.
h4 f6 16. hxg5 fxg5 17. Bxh7+ Kxh7 18. Qh3 Rxf4 19. Qxh6+ 1-0

[Event "PLZEN 2022 – CALLIDITAS OPEN"]
[Site "Plzen (Ceska republika)"]
[Date "2022.08.27"]
[Round "9.12"]
[White "Humeniuk, Artur"]
[Black "Chudek, Lubomir"]
[Result "0-1"]
[WhiteElo "1027"]
[BlackElo "1770"]
[PlyCount "76"]
[EventDate "2022.08.20"]

1. e4 c5 2. Nf3 Nc6 3. Bb5 g6 4. Bxc6 dxc6 5. d3 Bg7 6. h3 Qc7 7. Nc3 Nf6 8.
Be3 b6 9. Qd2 h5 10. a4 a5 11. Ne2 Ba6 12. O-O Rd8 13. Nc3 e5 14. b3 O-O 15.
Qc1 Bc8 16. Bh6 Nh7 17. Bxg7 Kxg7 18. Qe3 Rde8 19. Ng5 Nxg5 20. Qxg5 f6 21. Qe3
Qd8 22. f4 Qd4 23. Qxd4 cxd4 24. Ne2 Re7 25. fxe5 fxe5 26. Rxf8 Kxf8 27. Rf1+
Rf7 28. Ra1 Be6 29. Rb1 c5 30. Rf1 Rxf1+ 31. Kxf1 Ke7 32. Ke1 Bd7 33. h4 b5 34.
axb5 Bxb5 35. Nc1 a4 36. Kd2 Kd6 37. Na2 Kc6 38. Kc1 axb3 0-1

[Event "PLZEN 2022 – CALLIDITAS OPEN"]
[Site "Plzen (Ceska republika)"]
[Date "2022.08.27"]
[Round "9.14"]
[White "Hodan, Jiri"]
[Black "Papay, Jindrich"]
[Result "1-0"]
[WhiteElo "1878"]
[BlackElo "1906"]
[PlyCount "87"]
[EventDate "2022.08.20"]

1. d4 f5 2. e4 fxe4 3. Nc3 Nf6 4. Bg5 g6 5. Bc4 c6 6. d5 Qa5 7. Bxf6 exf6 8.
Qd4 Bb4 9. Qxf6 Rf8 10. Qe5+ Be7 11. O-O-O d6 12. Qxe4 Bf5 13. Qe2 Kd8 14. Kb1
c5 15. Re1 Rf7 16. g4 Bd7 17. Bd3 Na6 18. h3 Nc7 19. Be4 b5 20. Qe3 b4 21. Nd1
Nb5 22. Ne2 Kc7 23. Bd3 a6 24. Bc4 Raf8 25. f4 Bh4 26. Ref1 Bf6 27. Qd2 Qb6 28.
Rf3 a5 29. Bxb5 Bxb5 30. f5 g5 31. Ng3 a4 32. c3 Kb7 33. Re1 Bd7 34. Ne4 Be5
35. c4 Qa6 36. Qd3 Qa8 37. Nxc5+ Kc7 38. Ne6+ Kb7 39. Nc5+ Ka7 40. Qe3 Kb8 41.
Nd3 Re8 42. Nxe5 dxe5 43. Qb6+ Kc8 44. Rfe3 1-0

[Event "PLZEN 2022 – CALLIDITAS OPEN"]
[Site "Plzen (Ceska republika)"]
[Date "2022.08.27"]
[Round "9.15"]
[White "Syrovatka, Cenek"]
[Black "Stepanek, Vit"]
[Result "1-0"]
[WhiteElo "1820"]
[BlackElo "1518"]
[PlyCount "109"]
[EventDate "2022.08.20"]

1. d4 Nf6 2. c4 g6 3. Nc3 Bg7 4. Nf3 O-O 5. e4 d6 6. Be2 Nbd7 7. O-O e5 8. d5
Nc5 9. Qc2 Bd7 10. b4 Na6 11. a3 c6 12. h3 Nc7 13. Be3 cxd5 14. cxd5 b5 15.
Rac1 a6 16. Bb6 Qb8 17. Ba5 Bh6 18. Rcd1 Qa7 19. Qd3 Nh5 20. Nh2 f5 21. Bxh5
gxh5 22. Qg3+ Kh8 23. Qh4 fxe4 24. Nxe4 Rf4 25. Qe7 Nxd5 26. Rxd5 Bc6 27. Qxa7
Rxa7 28. Rxd6 Bxe4 29. Rxh6 Rg7 30. f3 Bg6 31. Rc1 Rgf7 32. Rc7 Kg7 33. g3 R4f6
34. Rxf7+ Rxf7 35. Rxg6+ hxg6 36. Kf2 e4 37. f4 g5 38. Ke3 gxf4+ 39. gxf4 Re7
40. Nf1 Kg6 41. Ng3 h4 42. Ne2 Kf5 43. Nd4+ Kg6 44. Bd8 Re8 45. f5+ Kf7 46. Ne6
Rg8 47. Kxe4 Rg3 48. Bxh4 Rxa3 49. Nd8+ Ke8 50. f6 Rxh3 51. f7+ Kf8 52. Bf2 Rh8
53. Bc5+ Kg7 54. Bd4+ Kh7 55. Bxh8 1-0

[Event "PLZEN 2022 – CALLIDITAS OPEN"]
[Site "Plzen (Ceska republika)"]
[Date "2022.08.27"]
[Round "9.18"]
[White "Andrusevych, Andriy"]
[Black "Krisman, Ondrej"]
[Result "1-0"]
[WhiteElo "1144"]
[BlackElo "1615"]
[PlyCount "95"]
[EventDate "2022.08.20"]

1. e4 e5 2. Nf3 Nc6 3. Bb5 a6 4. Ba4 Nf6 5. O-O b5 6. Bb3 Bc5 7. c3 d6 8. d4
Bb6 9. Bg5 Bg4 10. d5 Na5 11. Bc2 O-O 12. Qd3 Nb7 13. b4 Qe7 14. Nbd2 Rfc8 15.
h3 Bh5 16. Nh4 Bg6 17. Bb3 h6 18. Nxg6 fxg6 19. Be3 g5 20. Rfe1 g4 21. Bxb6
cxb6 22. hxg4 Nxg4 23. Qh3 Qg5 24. Nf1 Rf8 25. f3 Nf6 26. Qg3 Qxg3 27. Nxg3
Rac8 28. Rac1 g6 29. Rc2 Kg7 30. Rec1 a5 31. a4 bxa4 32. Bxa4 axb4 33. cxb4 Ra8
34. Rc7+ Rf7 35. Rxf7+ Kxf7 36. Rc7+ Kf8 37. Rxb7 Rxa4 38. Rxb6 Ke7 39. Ne2
Ra1+ 40. Kh2 g5 41. Ng3 Ne8 42. Nf5+ Kd7 43. Nxh6 Kc7 44. Rc6+ Kd7 45. b5 Ra8
46. Nf7 Nc7 47. b6 Ne8 48. Nxg5 1-0

[Event "PLZEN 2022 – CALLIDITAS OPEN"]
[Site "Plzen (Ceska republika)"]
[Date "2022.08.27"]
[Round "9.19"]
[White "Zach, Tomas"]
[Black "Karapetsas, Athanasios"]
[Result "0-1"]
[WhiteElo "1600"]
[BlackElo "1478"]
[PlyCount "108"]
[EventDate "2022.08.20"]

1. e4 e5 2. Bc4 Nf6 3. d3 Bc5 4. Bg5 d6 5. Bxf6 Qxf6 6. Qf3 Qxf3 7. Nxf3 Nc6 8.
c3 O-O 9. b4 Bb6 10. a4 a5 11. b5 Ne7 12. h3 Be6 13. Nbd2 Ng6 14. g3 Bxc4 15.
Nxc4 f5 16. Nxb6 cxb6 17. Nd2 fxe4 18. Nxe4 d5 19. Nd2 Rfe8 20. O-O Nf8 21. c4
d4 22. Rfe1 Nd7 23. Ne4 Rf8 24. Kg2 Kf7 25. Rac1 Ke7 26. c5 Rac8 27. c6 bxc6
28. bxc6 Nb8 29. c7 Na6 30. Rc6 Rxc7 31. Rxc7+ Nxc7 32. Rb1 Nd5 33. Rb5 Rd8 34.
Kf3 h6 35. Ke2 Ke6 36. Kd2 Rc8 37. Rb1 Nb4 38. Rb2 Kd5 39. f3 b5 40. axb5 Rb8
41. Nf2 Rxb5 42. Rb3 Rc5 43. Rb2 Rc3 44. Ke2 Ra3 45. Kd2 Kc5 46. g4 g5 47. Ke2
Kb5 48. Rd2 Ka4 49. Nd1 Ra2 50. Nb2+ Kb3 51. Nc4 a4 52. Na5+ Kc3 53. Rxa2 Nxa2
54. Nc4 Nc1+ 0-1

[Event "PLZEN 2022 – CALLIDITAS OPEN"]
[Site "Plzen (Ceska republika)"]
[Date "2022.08.27"]
[Round "9.20"]
[White "Rehacek, Jan"]
[Black "Hadac, Pavel"]
[Result "1/2-1/2"]
[WhiteElo "1324"]
[BlackElo "1801"]
[PlyCount "92"]
[EventDate "2022.08.20"]

1. d4 d5 2. Bf4 Nd7 3. Nf3 c6 4. c3 Qb6 5. Qb3 Ngf6 6. Nbd2 e6 7. h3 c5 8. e3
c4 9. Qc2 Bd6 10. Bh2 Bxh2 11. Nxh2 Qc6 12. Be2 b5 13. O-O O-O 14. Nhf3 Re8 15.
Rfe1 e5 16. dxe5 Nxe5 17. Nxe5 Rxe5 18. Nf3 Re7 19. Nd4 Qb6 20. Bf3 Ne4 21.
Bxe4 Rxe4 22. Qe2 Bd7 23. Qh5 Qd6 24. Rad1 Re5 25. Qf3 Rae8 26. Rd2 Qg6 27. Qf4
Bxh3 28. Qg3 Qxg3 29. fxg3 Bd7 30. Kf2 a6 31. Nc2 a5 32. Rd4 Bf5 33. Na3 Rb8
34. Red1 h6 35. Rxd5 Rxd5 36. Rxd5 b4 37. Nxc4 bxc3 38. bxc3 Be6 39. Rc5 Bxc4
40. Rxc4 Rb2+ 41. Kf3 Rxa2 42. Rc8+ Kh7 43. c4 a4 44. c5 a3 45. c6 Rc2 46. c7
a2 1/2-1/2

[Event "PLZEN 2022 – CALLIDITAS OPEN"]
[Site "Plzen (Ceska republika)"]
[Date "2022.08.27"]
[Round "9.23"]
[White "Zoufaly, Petr"]
[Black "Tykalova, Barbora"]
[Result "1-0"]
[WhiteElo "1656"]
[BlackElo "1168"]
[PlyCount "59"]
[EventDate "2022.08.20"]

1. d4 d5 2. Nf3 Nf6 3. e3 e6 4. c4 Bd6 5. c5 Be7 6. Nc3 Nc6 7. a3 Bd7 8. b4 O-O
9. Bd3 a5 10. b5 Na7 11. a4 h6 12. Ne5 Be8 13. O-O Nd7 14. f4 f6 15. Ng6 Bxg6
16. Bxg6 e5 17. Nxd5 c6 18. Nxe7+ Qxe7 19. b6 Nc8 20. Qb3+ Kh8 21. f5 exd4 22.
exd4 Qe4 23. Bb2 Ne7 24. Rae1 Qh4 25. Rxe7 Rad8 26. Qe3 Nb8 27. Rxb7 Na6 28.
Re7 Nb4 29. Re4 Nc2 30. Qd3 1-0